000
003090000a22001330004500
003
MACL
040
_a
MACL
090
_c
42008
_d
42006
100
_a
Sen, Dr A C
245
_a
Buddhist Remanis in India
260
_b
Indian Council For Cultural Relations
_c
1956
650
_a
Religion
942
_c
BOOK
_k
294.3/SEN
999
_c
41564
_d
41564